Úsilie o kompletný pohľad

Bibliographic Details
Main Author: Podušel, Ľubomír, 1953- (Author)
Format: Article
Language:Slovak
Subjects:

MARC

LEADER 00000nab a2200000 a 4500
001 vtls000305059
003 SK-MaSNL
005 20260304220527.0
008 111201c1988 xo 0 slo
015 |a SNBRB19rr/mm-uuuuu 
035 |a CL0315178 
040 |a SNKBUCL  |b slo  |c SNKBUCL  |e AACR2 
041 0 |a slo 
044 |a xo  |c SK 
080 |a 069:73/76  |2 1981 
080 |a 73/76  |2 1981 
080 |a 069  |2 1981 
100 1 |a Podušel, Ľubomír,  |d 1953-  |4 aut  |9 89283 
245 1 0 |a Úsilie o kompletný pohľad  |c Ľubomír Podušel 
610 2 7 |a Slovenská národná galéria  |2 snkbucl  |9 59840 
650 0 7 |a slovenské výtvarné umenie  |2 snkbucl  |9 68597 
651 7 |a 5100  |2 snkbucl  |9 166206 
655 7 |a články z novín a časopisov  |2 snkbucl  |9 267496 
773 0 |t Pravda  |g Roč. 69, č. 75 (30. 3. 1988), s. 5 
850 |a Slovenská národná knižnica v Martine  |a MTA001 
852 |a SNK  |b KIS3GCP 
958 |a RK 
992 |a RBX 
999 |c 3152721  |d 3154651